Rožňavčania sú proti rušeniu

Bibliographic Details
Format: Article
Language:Slovak
ISSN:1335-7581
Subjects:
Online Access:http://korzar.sme.sk/c/5944115/v-roznavskej-nemocnici-chcu-zrusit-tri-oddelenia.html

MARC

LEADER 00000nab a2200000 a 4500
001 vtls010288371
003 SK-MaSNL
005 20260303081958.0
008 110624c20110620xo dr| 0 0slo
038 |a RVGKPD 
040 |a RVGKPD  |b slo  |c RVGKPD  |e AACR2 
041 |a slo 
044 |a xo  |c SK 
080 |a 369.223.22  |2 1997 
245 0 0 |a Rožňavčania sú proti rušeniu  |c [autor] (jak) 
610 2 7 |a Nemocnica s poliklinikou sv. Barbory (Rožňava, Slovensko)  |2 rvgkpd  |9 31725 
650 0 7 |a rušenie oddelení  |2 rvgkpd  |9 1086107 
651 7 |a Rožňava (Slovensko)  |2 rvgkpd  |9 17394 
773 0 |t Gemerský korzár  |g Roč. XIII, č. 142 (20.6.2011), s. 5  |x 1335-7581 
852 |a RVGKPD  |b KIS3G 
856 4 1 |u http://korzar.sme.sk/c/5944115/v-roznavskej-nemocnici-chcu-zrusit-tri-oddelenia.html 
992 |a RBX 
999 |c 1786439  |d 1788369